00615 2200205 4500001002100000005001500021035002000036007000300056008004100059020001800100082001100118084001300129245007900142250001200221260005200233300003700285650004100322700003300363990001300396INLIS00000000003786020190508124646 a0010-0519000009ta190508 0 ind  a9786023923236 a372.21 aCAUD0001 aPedoman Penyelengaraan Program Studi Guru Pendamping Muda PAUD :bCAUD0001 aedisi 1 aTangerang Selatan :bUniversitas Terbuka,c2018 a56 halaman :bilustrasi ;c21 cm 4aPendidikan Anak Usia Dini -- Pedoman0 aTim Penulis LPPM dan FKIP UT a19/90008